000 00318 a2200145 4500
001 180826
020 _a
040 _cMagnum
100 _a-
240 1 0 _aDeus nos chama a uma missao/7 serie
_lpor
245 1 0 _aDeus nos chama a uma missao/7 serie
362 0 _a1899
697 _aMAGNITO: RELIGIAO
942 _cBK
999 _c180826
_d180826